| 000 | 00827nam a2200205 4500 | ||
|---|---|---|---|
| 001 | 140489 | ||
| 003 | ES-MaACL | ||
| 005 | 20230906200104.0 | ||
| 007 | t| | ||
| 008 | 070214s1932 gw r ||||1| spa d | ||
| 100 | 1 |
_aSeidel, Richard. _9105244 |
|
| 245 | 1 | 3 |
_aEl movimiento sindical en Alemania / _cpor Ricardo Seidel ; con un capítulo adicional sobre los sindicatos de trabajadores no manuales por Bernhard Gohring ; [traducción española de Enrique Santiago]. |
| 260 |
_aBerlín : _bFederación Sindical Internacional, _c1932 ( _eMadrid : _fImp. de Torrent) |
||
| 300 |
_a124 p. ; _c20 cm. |
||
| 700 | 1 |
_aGohring, Bernhard. _957602 |
|
| 700 | 1 |
_aSantiago, Enrique. _9103378 |
|
| 710 | 2 |
_aFederación Sindical Internacional. _94118 |
|
| 740 | 0 | _aLos sindicatos de trabajadores no manuales. | |
| 852 |
_aES-MaACL _jB-13214 |
||
| 999 |
_c140489 _d140489 |
||